00525 2200205 4500001002100000005001500021035002000036245003100056100001100087300002900098260004800127082000800175084001400183020002200197650002100219650001300240650001000253008004100263990001500304INLIS00000000000045520260303105443 a0010-03260000041 aOff The Record 2 /cRia SW0 aRia SW a256 hlm. ;c13,5 x 20 cm aJakarta :bPT Gramedia Pustaka Utama,c2019 a813 a813 RIA o a978-602-063-549-1 aKisah Perjalanan aYoutuber aNovel260303 g 1 ind  a00004/F/26